| 000 | 00491nam a22001697a 4500 | ||
|---|---|---|---|
| 999 |
_c18585 _d18585 |
||
| 008 | 201109b xxu||||| |||| 00| 0 eng d | ||
| 020 | _a1292253355 | ||
| 050 |
_aT58.6 _b.L38 2019 c.1 |
||
| 100 | _aLaudon Kenneth C. | ||
| 245 |
_aEssentials of Management Information Systems _cKenneth C. Laudon |
||
| 250 |
_a13th ed. _bGlobal edition |
||
| 260 |
_aLondon _bPearson _c2019 |
||
| 300 | _a533p. | ||
| 650 | _2Management Information Systems | ||
| 700 | _aJane P. Laudon | ||
| 942 |
_2lcc _cBK |
||